Kabale University Library Catalogue

Mathematics in Our World / (Record no. 1483)

MARC details
000 -LEADER
fixed length control field 00773nam a2200205 4500
003 - CONTROL NUMBER IDENTIFIER
control field OSt
005 - DATE AND TIME OF LATEST TRANSACTION
control field 20200810095931.0
008 - FIXED-LENGTH DATA ELEMENTS--GENERAL INFORMATION
fixed length control field 200810b ||||| |||| 00| 0 eng d
020 ## - INTERNATIONAL STANDARD BOOK NUMBER
International Standard Book Number 0201181703
040 ## - CATALOGING SOURCE
Original cataloging agency KABLIB
Transcribing agency KABLIB
Modifying agency KABLIB
082 ## - DEWEY DECIMAL CLASSIFICATION NUMBER
Edition number 23
Classification number 510
Item number EIC
100 ## - MAIN ENTRY--PERSONAL NAME
Personal name Eicholz, Robert E.,
Relator term Author.
9 (RLIN) 2665
245 ## - TITLE STATEMENT
Title Mathematics in Our World /
Statement of responsibility, etc. Robert E. Eicholz, Charles R. Fleenor, Phares G. O'Daffer; Contributing Writer, Rondall I. Charles.
260 ## - PUBLICATION, DISTRIBUTION, ETC.
Place of publication, distribution, etc. California :
Name of publisher, distributor, etc. Addison-Wesley Publishing Company,
Date of publication, distribution, etc. c1983.
300 ## - PHYSICAL DESCRIPTION
Extent 434 p. :
Other physical details ill. (col.) ;
Dimensions 25 cm.
700 ## - ADDED ENTRY--PERSONAL NAME
Personal name Fleenor, Charles R.,
Relator term Joint Author.
9 (RLIN) 2667
700 ## - ADDED ENTRY--PERSONAL NAME
Personal name O'Daffer, Phares G.,
Relator term Joint Author.
9 (RLIN) 2666
700 ## - ADDED ENTRY--PERSONAL NAME
Personal name Charles, Rondall I.,
Relator term Contributing Writer.
9 (RLIN) 4354
942 ## - ADDED ENTRY ELEMENTS (KOHA)
Source of classification or shelving scheme Dewey Decimal Classification
Koha item type Book
Holdings
Withdrawn status Lost status Source of classification or shelving scheme Damaged status Not for loan Home library Current library Shelving location Date acquired Total Checkouts Full call number Barcode Date last seen Price effective from Koha item type
    Dewey Decimal Classification     Education Library Education Library Open Access Section 10.08.2020   510 EIC 6682 10.08.2020 10.08.2020 Book

Kabale University Library | Kabale University P.O Box 317, Kabale, Uganda
Tel : +256754017033, +256774661503 E-mail : library@kab.ac.ug